[Event "Titled Tuesday intern op 12th Sep Late"]
[Site "Chess.com INT"]
[Date "2023.09.12"]
[Round "4"]
[White "Tanriverdi, Enes"]
[Black "Keleberda, Timur"]
[Result "1-0"]
[WhiteElo "2371"]
[BlackElo "2245"]
[PlyCount "75"]
[EventDate "2023.09.12"]
[EventType "swiss (blitz)"]
[EventRounds "11"]
[EventCountry "USA"]
[SourceTitle "EXT 2024"]
[Source "ChessBase"]
[SourceDate "2023.10.10"]
[SourceVersion "1"]
[SourceVersionDate "2023.10.10"]
[SourceQuality "1"]

1. e4 c5 2. Nf3 d6 3. d4 cxd4 4. Nxd4 Nf6 5. Nc3 a6 6. Bd3 e5 7. Nde2 g6 8. 0-0 Bg7 9. f4 b5 10. f5 Bb7 11. Ng3 Nbd7 12. Be3 Qc7 13. Kh1 Nc5 14. Bxb5+ axb5 15. Nxb5 Qc6 16. Nxd6+ Ke7 17. b4 Ncxe4 18. Ngxe4 Nxe4 19. Nxb7 Qxb7 20. Qf3 f6 21. Rad1 Rab8 22. a3 Rhc8 23. Qg4 Kf7 24. fxg6+ hxg6 25. Rd7+ Qxd7 26. Qxd7+ Kg8 27. Qd5+ Kh7 28. Qxe4 Rc3 29. Rf3 Rd8 30. h3 Rd1+ 31. Kh2 Rxa3 32. Bc5 Raa1 33. Rd3 Rh1+ 34. Kg3 f5 35. Qh4+ Kg8 36. Rd8+ Bf8 37. Rxf8+ Kg7 38. Qh8# 1-0

[Event "Toronto Excelsior op"]
[Site "Toronto"]
[Date "2023.09.08"]
[Round "5"]
[White "Keleberda, Timur"]
[Black "Park, Haneul"]
[Result "1-0"]
[WhiteElo "2245"]
[BlackElo "1405"]
[PlyCount "81"]
[EventDate "2023.09.06"]
[EventType "swiss"]
[EventRounds "9"]
[EventCountry "CAN"]
[SourceTitle "EXT 2024"]
[Source "ChessBase"]
[SourceDate "2023.10.10"]
[SourceVersion "1"]
[SourceVersionDate "2023.10.10"]
[SourceQuality "1"]

1. e4 e6 2. d3 d5 3. Nd2 c5 4. Ngf3 Nc6 5. g3 Bd6 6. Bg2 Nf6 7. 0-0 0-0 8. Re1 Qc7 9. c3 b6 10. Nf1 Bb7 11. Qe2 dxe4 12. dxe4 e5 13. Bg5 Be7 14. Ne3 Nd7 15. Nd5 Qd8 16. h4 f6 17. Be3 Bd6 18. Rad1 Ne7 19. Nxe7+ Bxe7 20. Bh3 Bc6 21. Qc4+ Kh8 22. Qe6 Rc8 23. Rxd7 Bxd7 24. Qxd7 Rc7 25. Qa4 Qd3 26. Bf1 Qd6 27. Kg2 Rd8 28. h5 Qe6 29. Nh4 Bf8 30. Bc4 Qg4 31. Ng6+ hxg6 32. hxg6 Qxe4+ 33. f3 Qxg6 34. Rh1+ Qh7 35. Qc2 Qxh1+ 36. Kxh1 g5 37. Kg2 Rcd7 38. Qg6 Rg7 39. Qh6+ Rh7 40. Qxf6+ Rg7 41. Qxd8 1-0

[Event "Titled Tuesday intern op 05th Sep Late"]
[Site "Chess.com INT"]
[Date "2023.09.05"]
[Round "1"]
[White "Feliz Dotel, Dewar Bienvenido"]
[Black "Keleberda, Timur"]
[Result "0-1"]
[WhiteElo "2035"]
[BlackElo "2245"]
[PlyCount "78"]
[EventDate "2023.09.05"]
[EventType "swiss (blitz)"]
[EventRounds "11"]
[EventCountry "USA"]
[SourceTitle "EXT 2024"]
[Source "ChessBase"]
[SourceDate "2023.10.10"]
[SourceVersion "1"]
[SourceVersionDate "2023.10.10"]
[SourceQuality "1"]

1. d4 Nf6 2. e3 b6 3. Nf3 Bb7 4. Be2 e6 5. 0-0 Be7 6. b3 0-0 7. Bb2 c5 8. dxc5 bxc5 9. c4 Nc6 10. Nc3 a5 11. Qd2 Qc7 12. Rfd1 Rfd8 13. Nb5 Qb6 14. Nd6 a4 15. Rab1 axb3 16. axb3 Ra7 17. Nxb7 Rxb7 18. Bc3 Ne4 19. Qc2 Nxc3 20. Qxc3 Nb4 21. Rd2 d6 22. h4 h6 23. Ne1 Ra8 24. Bf3 Bf6 25. Qc1 d5 26. cxd5 exd5 27. Nd3 Na2 28. Qc2 Nc3 29. Rb2 Ra1+ 30. Kh2 Ne4 31. Bxe4 dxe4 32. Nf4 Bxb2 33. Qxb2 Ra8 34. Nh5 Qg6 35. Nf4 Qg4 36. g3 Rba7 37. Rc2 Qf3 38. Kg1 Ra1+ 39. Rc1 R1a2 0-1

[Event "Titled Tuesday intern op 29th Aug Early"]
[Site "Chess.com INT"]
[Date "2023.08.29"]
[Round "4"]
[White "Keleberda, Timur"]
[Black "Rakhmanov, Alexander"]
[Result "1-0"]
[WhiteElo "2301"]
[BlackElo "2614"]
[PlyCount "89"]
[EventDate "2023.08.29"]
[EventType "swiss (blitz)"]
[EventRounds "11"]
[EventCountry "USA"]
[SourceTitle "EXT 2024"]
[Source "ChessBase"]
[SourceDate "2023.10.10"]
[SourceVersion "1"]
[SourceVersionDate "2023.10.10"]
[SourceQuality "1"]

1. e4 c5 2. Nf3 Nf6 3. e5 Nd5 4. c4 Nc7 5. d4 cxd4 6. Nxd4 g6 7. Bd3 Bg7 8. Qe2 0-0 9. Nc3 d6 10. exd6 exd6 11. Nc2 Re8 12. Be3 d5 13. Nxd5 Nxd5 14. cxd5 Bxb2 15. 0-0 Bxa1 16. Rxa1 Qxd5 17. Bc4 Qf5 18. Nd4 Qf6 19. Rd1 Nc6 20. Nb5 Rd8 21. Nc7 Rxd1+ 22. Qxd1 Rb8 23. Nd5 Qh4 24. Bf4 Be6 25. g3 Qd8 26. Bc7 Qc8 27. Bxb8 Qxb8 28. Nf6+ Kg7 29. Bxe6 Kxf6 30. Bd5 Qc7 31. Qf3+ Kg7 32. Qc3+ Kg8 33. Qf6 Qd7 34. Bb3 Nd8 35. h4 Ne6 36. h5 gxh5 37. Qh6 Ng7 38. Bc2 Qd4 39. Qxh7+ Kf8 40. Bb3 b5 41. Qc2 Qd7 42. Qc5+ Kg8 43. Qg5 a5 44. Bc2 a4 45. Qh6 1-0